LEADER 02498nam2 2200361 i 450 001 SUN0063722 005 20180705105737.642 010 $a978-88-7830-421-5$d0.00 100 $a20080408d2005 |0itac50 ba 101 $aita 102 $aIT 105 $a|||| ||||| 200 1 $a2: *Scambi tra cellula e ambiente$fVanni Taglietti, Cesare Casella 210 $aPavia$cLa goliardica pavese$d2005 215 $aVIII, 235 p.$cill.$d27 cm. 461 1$1001SUN0063721$12001 $a*Principi di fisiologia e biofisica della cellula$fVanni Taglietti, Cesare Casella$v2$1210 $aPavia$cLa goliardica pavese$1215 $avolumi$cill.$d27 cm. 620 $dPavia$3SUNL000064 676 $a611.0181$cCitologia. Biologia della cellula$v22 700 1$aTaglietti$b, Vanni$3SUNV014340$066892 701 1$aCasella$b, Cesare$3SUNV014577$066893 712 $aLa goliardica pavese$3SUNV000208$4650 801 $aIT$bSOL$c20181109$gRICA 912 $aSUN0063722 950 $aUFFICIO DI BIBLIOTECA DEL DIPARTIMENTO DI SCIENZE E TECNOLOGIE AMBIENTALI BIOLOGICHE E FARMACEUTICHE$d17 PREST Ha63 $e17 OM 575 950 $aUFFICIO DI BIBLIOTECA DEL DIPARTIMENTO DI SCIENZE E TECNOLOGIE AMBIENTALI BIOLOGICHE E FARMACEUTICHE$d17 PREST Ha61 $e17 OM 572 950 $aUFFICIO DI BIBLIOTECA DEL DIPARTIMENTO DI SCIENZE E TECNOLOGIE AMBIENTALI BIOLOGICHE E FARMACEUTICHE$d17 PREST Ha43/2 $e17 BIB400 950 $aUFFICIO DI BIBLIOTECA DEL DIPARTIMENTO DI SCIENZE E TECNOLOGIE AMBIENTALI BIOLOGICHE E FARMACEUTICHE$d17 CONS Ha41/2 $e17 BIB1092 995 $aUFFICIO DI BIBLIOTECA DEL DIPARTIMENTO DI SCIENZE E TECNOLOGIE AMBIENTALI BIOLOGICHE E FARMACEUTICHE$bIT-CE0101$gOM$h575$kPREST Ha63$op$qa 995 $aUFFICIO DI BIBLIOTECA DEL DIPARTIMENTO DI SCIENZE E TECNOLOGIE AMBIENTALI BIOLOGICHE E FARMACEUTICHE$bIT-CE0101$gOM$h572$kPREST Ha61$op$qa 995 $aUFFICIO DI BIBLIOTECA DEL DIPARTIMENTO DI SCIENZE E TECNOLOGIE AMBIENTALI BIOLOGICHE E FARMACEUTICHE$bIT-CE0101$gBIB$h400$kPREST Ha43/2$op$qa 995 $aUFFICIO DI BIBLIOTECA DEL DIPARTIMENTO DI SCIENZE E TECNOLOGIE AMBIENTALI BIOLOGICHE E FARMACEUTICHE$bIT-CE0101$gBIB$h1092$kCONS Ha41/2$oc$qa 996 $aScambi tra cellula e ambiente$91520607 997 $aUNICAMPANIA